<?xml version="1.0" encoding="UTF-8"?>
<record
    xmlns:xsi="http://www.w3.org/2001/XMLSchema-instance"
    xsi:schemaLocation="http://www.loc.gov/MARC21/slim http://www.loc.gov/standards/marcxml/schema/MARC21slim.xsd"
    xmlns="http://www.loc.gov/MARC21/slim">

  <leader>01266naa a2200229 a 4500</leader>
  <controlfield tag="001"> 85143</controlfield>
  <controlfield tag="003">BD-RjUL</controlfield>
  <controlfield tag="005">20250708141840.0</controlfield>
  <controlfield tag="008">250708s19??    pk ||||| |||| 00| 0 urd d</controlfield>
  <datafield tag="035" ind1=" " ind2=" ">
    <subfield code="a">(BD-RjUL) 85143</subfield>
  </datafield>
  <datafield tag="040" ind1=" " ind2=" ">
    <subfield code="a">BD-RjUL</subfield>
    <subfield code="b">eng</subfield>
    <subfield code="c">BD-RjUL</subfield>
  </datafield>
  <datafield tag="041" ind1=" " ind2=" ">
    <subfield code="a">urd</subfield>
  </datafield>
  <datafield tag="082" ind1=" " ind2=" ">
    <subfield code="2">23</subfield>
    <subfield code="a">891.43909</subfield>
    <subfield code="b">GHG 19??</subfield>
  </datafield>
  <datafield tag="100" ind1=" " ind2=" ">
    <subfield code="a"> &#x627;&#x6A9;&#x631;&#x627;&#x645;&#x60C; &#x633;. &#x645; ;; Ikram, S. M.</subfield>
    <subfield code="9">15925</subfield>
  </datafield>
  <datafield tag="245" ind1=" " ind2=" ">
    <subfield code="a">&#x63A;&#x627;&#x644;&#x628; &#x646;&#x627;&#x645;&#x6C1; :&#x6CC;&#x627;&#x60C; &#x622;&#x62B;&#x627;&#x631; &#x63A;&#x627;&#x644;&#x628; &#x61B; &#x645;&#x631;&#x632;&#x627; &#x627;&#x633;&#x62F; &#x627;&#x644;&#x644;&#x647; &#x62E;&#x627;&#x646; &#x63A;&#x627;&#x644;&#x628; &#x6A9;&#x649; &#x632;&#x646;&#x62F;&#x6AF;&#x649; &#x627;&#x648;&#x631; &#x62A;&#x635;&#x627;&#x646;&#x649;&#x6CC;&#x641; &#x6A9;&#x627; &#x62A;&#x641;&#x635;&#x6CC;&#x649;&#x644;&#x649; &#x645;&#x637;&#x627;&#x644;&#x639;&#x6C1;&#x60C; &#x62C;&#x62F;&#x6CC;&#x62F; &#x639;&#x644;&#x645; &#x646;&#x641;&#x633;&#x6CC;&#x649;&#x627;&#x62A; &#x627;&#x648;&#x631; &#x641;&#x646; &#x62A;&#x646;&#x642;&#x6CC;&#x649;&#x62F; &#x6A9;&#x649; &#x631;&#x648;&#x634;&#x646;&#x649; &#x645;&#x6CC;&#x6BA;. / G&#x332;h&#x332;&#x101;lib n&#x101;mah : y&#x101;, &#x101;s&#x332;&#x101;r-i G&#x332;h&#x332;&#x101;lib ; Mirz&#x101; Asadull&#x101;h K&#x332;h&#x332;&#x101;n G&#x332;h&#x332;&#x101;lib k&#x12B; zindag&#x12B; aur ta&#x1E63;&#x101;n&#x12B;f k&#x101; taf&#x1E63;&#x12B;l&#x12B; mut&#x324;&#x101;la&#x2BB;ah, jad&#x12B;d &#x2BB;ilm-i nafsiy&#x101;t aur fann-i tanq&#x12B;d k&#x12B; raushn&#x12B; men&#x332;./</subfield>
    <subfield code="c">Authors:&#x627;&#x632; &#x634;&#x6CC;&#x649;&#x62E; &#x645;&#x62D;&#x645;&#x62F; &#x627;&#x6A9;&#x631;&#x627;&#x645;., &#x627;&#x6A9;&#x631;&#x627;&#x645;&#x60C; &#x633;. &#x645;. 1908-1973 / az Shaik&#x332;h&#x332; Mu&#x1E25;ammad Ikr&#x101;m., S. M. Ikram</subfield>
  </datafield>
  <datafield tag="250" ind1=" " ind2=" ">
    <subfield code="a">4th.ed</subfield>
  </datafield>
  <datafield tag="260" ind1=" " ind2=" ">
    <subfield code="a">Bamba&#x2BC;&#x12B;: </subfield>
    <subfield code="b"> &#x62A;&#x627;&#x62C; &#x622;&#x641;&#x633;&#x60C;,  T&#x101;j &#x100;fis, </subfield>
    <subfield code="c">19?? </subfield>
  </datafield>
  <datafield tag="300" ind1=" " ind2=" ">
    <subfield code="a">414 p. ;</subfield>
    <subfield code="c">17 cm</subfield>
  </datafield>
  <datafield tag="600" ind1=" " ind2=" ">
    <subfield code="a">Ghalib, Mirza Asadullah Khan,</subfield>
    <subfield code="d"> 1797-1869 </subfield>
    <subfield code="x">Criticism and interpretation</subfield>
    <subfield code="9">15926</subfield>
  </datafield>
  <datafield tag="650" ind1=" " ind2=" ">
    <subfield code="a">Urdu Poetry </subfield>
    <subfield code="v">History and Criticism</subfield>
    <subfield code="9">8497</subfield>
  </datafield>
  <datafield tag="942" ind1=" " ind2=" ">
    <subfield code="2">ddc</subfield>
    <subfield code="c">BK</subfield>
  </datafield>
  <datafield tag="999" ind1=" " ind2=" ">
    <subfield code="c">85143</subfield>
    <subfield code="d">85143</subfield>
  </datafield>
  <datafield tag="952" ind1=" " ind2=" ">
    <subfield code="0">0</subfield>
    <subfield code="1">0</subfield>
    <subfield code="2">ddc</subfield>
    <subfield code="4">0</subfield>
    <subfield code="7">1</subfield>
    <subfield code="8">NFIC</subfield>
    <subfield code="a">RUCL</subfield>
    <subfield code="b">RUCL</subfield>
    <subfield code="c">Reading</subfield>
    <subfield code="d">1957-08-12</subfield>
    <subfield code="e">Muhammad B. Brathers</subfield>
    <subfield code="l">0</subfield>
    <subfield code="o">U 891.43909 GHG 19??</subfield>
    <subfield code="r">2025-07-08 00:00:00</subfield>
    <subfield code="t">C-1</subfield>
    <subfield code="w">2025-07-08</subfield>
    <subfield code="y">BK</subfield>
  </datafield>
</record>
